The Houses in Multiple Occupation (Specified Educational Establishments) (England) Regulations 2008 (Record no. 108719)

MARC details
000 -LEADER
fixed length control field 01562cad a22002415a 4500
001 - CONTROL NUMBER
control field L145193
008 - FIXED-LENGTH DATA ELEMENTS--GENERAL INFORMATION
fixed length control field 080915e20080908xxk f lf000 0 eng d
035 ## - SYSTEM CONTROL NUMBER
System control number (Sirsi) u145193
041 0# - LANGUAGE CODE
Language code of text/sound track or separate title eng
050 04 - LIBRARY OF CONGRESS CALL NUMBER
Classification number 306.026 $2 18
110 2# - MAIN ENTRY--CORPORATE NAME
Corporate name or jurisdiction name as entry element United Kingdom
Form subheading Laws, etc.
9 (RLIN) 5044
245 04 - TITLE STATEMENT
Title The Houses in Multiple Occupation (Specified Educational Establishments) (England) Regulations 2008
Medium [electronic resource]
260 ## - PUBLICATION, DISTRIBUTION, ETC.
Place of publication, distribution, etc. London
Name of publisher, distributor, etc. OPSI
Date of publication, distribution, etc. 2008
490 #0 - SERIES STATEMENT
Series statement SI
Volume/sequential designation 2008: 2346
520 ## - SUMMARY, ETC.
Summary, etc. Approves the ANUK/Unipol 'Code of standards for larger residential developments', which lays down standards of conduct and practice as regards the management of larger properties in multiple occupation occupied by individuals taking part in full time educational courses. The code is for premises where the owner or landlord is the educational establishment offering the courses and these are listed in the schedule of the code. The premises affected are not HMOs for the purposes of the Housing Act 2004 (except Part 1) and as such are not subject to mandatory licensing by the local housing authority under part 2 of the act. Comes into force 1 October 2008.
521 ## - TARGET AUDIENCE NOTE
Target audience note Advanced
590 ## - LOCAL NOTE (RLIN)
Local note KA
650 24 - SUBJECT ADDED ENTRY--TOPICAL TERM
Topical term or geographic name entry element HOUSES IN MULTIPLE OCCUPATION (SPECIFIED EDUCATIONAL ESTABLISHMENTS) (ENGLAND) REGULATIONS 2008
651 #4 - SUBJECT ADDED ENTRY--GEOGRAPHIC NAME
Geographic name England and Wales
Chronological subdivision 1543-
690 ## - LOCAL SUBJECT ADDED ENTRY--TOPICAL TERM (OCLC, RLIN)
Topical term or geographic name as entry element PROPERTY-RESIDENTIAL PROPERTY-COMMUNAL RESIDENTIAL PROPERTY
856 40 - ELECTRONIC LOCATION AND ACCESS
Uniform Resource Identifier <a href="https://www.opsi.gov.uk/si/si2008/uksi_20082346_en_1">https://www.opsi.gov.uk/si/si2008/uksi_20082346_en_1</a>
Public note View the item free of charge online at www.opsi.gov.uk...
942 ## - ADDED ENTRY ELEMENTS (KOHA)
Suppress in OPAC 0
Holdings
Withdrawn status Lost status Source of classification or shelving scheme Damaged status Not for loan Home library Current library Shelving location Date acquired Total Checkouts Full call number Barcode Date last seen Copy number Price effective from Koha item type
    Dewey Decimal Classification     Virtual Virtual Online 15/09/2008   ONLINE PUBLICATION 145193-1001 06/08/2019 1 06/08/2019 Book